| 000 | 01079cam a2200373Ma 4500 | ||
|---|---|---|---|
| 999 |
_c83180 _d83180 |
||
| 003 | BJBSDDR | ||
| 005 | 20230410130936.0 | ||
| 007 | ta | ||
| 008 | 020607s2002 sp 000 1 spa d | ||
| 020 | _a8420464309 | ||
| 020 | _a9788420464305 | ||
| 035 | _a(OCoLC)ocn428092792 | ||
| 035 | _a(OCoLC)428092792 | ||
| 040 |
_aLGG _bspa _cLGG |
||
| 041 | _aspa | ||
| 049 | _aGRAL | ||
| 050 | 1 | 4 |
_aPQ 8498.32 _bV297v 2002 |
| 082 | 0 | 0 | _a809.304 |
| 100 | 1 |
_aVargas Llosa, Mario, _d1936- |
|
| 245 | 1 | 3 |
_aLa verdad de las mentiras / _cMario Vargas Llosa. |
| 260 |
_aBarcelona : _bSantillana, _cc2002. |
||
| 300 |
_a413 p. ; _c23 cm. |
||
| 440 | _aAlfaguara | ||
| 500 | _aIncluyes índice | ||
| 650 | 0 |
_aLiteratura peruana _94625 |
|
| 650 | 0 |
_aFiction _y20th century _xHistory and criticism. |
|
| 650 | 0 |
_aLiterature, Modern _y20th century _xHistory and criticism. |
|
| 650 | 4 |
_aLiteratura _xHistoria y crítica. |
|
| 650 | 4 |
_aNovela peruana _92356 |
|
| 650 | 4 |
_aCES. _91148 |
|
| 650 | 0 |
_aColección Enriquillo Sánchez (CES) _91147 |
|
| 942 |
_2lcc _cBK |
||
| 946 | _asadt | ||